| 000 | 00610nam a22002057a 4500 | ||
|---|---|---|---|
| 999 |
_c18950 _d18950 |
||
| 005 | 20200528135948.0 | ||
| 010 | _aUR-7554 | ||
| 020 |
_a8182233798 _c75.00 |
||
| 035 | _aB-283772-776 | ||
| 035 | _aU-6109 | ||
| 037 | _bBPPD/Pub. | ||
| 082 | _aک | ||
| 100 | _aعبد الستار | ||
| 245 |
_aپیتل کا گھنٹہ / _cعبد الستار |
||
| 246 |
_aPital ka Ghanta / _bby Abdul Sattar |
||
| 260 |
_aدہلی _bایجوکیشنل پبلشنگ ہاؤس _c2008 ء |
||
| 270 |
_a3108, Vakil Street, Kucha Pandit, Lal Kuan _bDelhi _e6 |
||
| 300 |
_a104p. _c22cm(Hb) |
||
| 942 |
_2ddc _cUR _hک _mع ب د |
||